Statystyki dla 50 najludniejszych państw świata - w kolejności

Kliknij tutaj aby rozwiązać quiz!

Ogólne statystyki

  • Ten quiz został rozwiązany 8 282 razy
  • Średni wynik to 23 z 50

Statystyki odpowiedzi

LudnośćKraj% Poprawnych
1433 mlnChiny
100%
1426 mlnIndie
98%
343 mlnStany Zjednoczone
90%
277 mlnIndonezja
84%
216 mlnBrazylia
82%
144 mlnRosja
79%
239 mlnPakistan
73%
222 mlnNigeria
72%
123 mlnJaponia
70%
41,3 mlnPolska
70%
67,4 mlnFrancja
66%
83,2 mlnNiemcy
63%
172 mlnBangladesz
60%
125 mlnEtiopia
59%
128 mlnMeksyk
59%
85,7 mlnTurcja
59%
117 mlnFilipiny
57%
89,0 mlnIran
56%
98,7 mlnWietnam
52%
68,2 mlnWielka Brytania
51%
112 mlnEgipt
49%
58,9 mlnWłochy
47%
47,5 mlnHiszpania
45%
36,2 mlnUkraina
45%
71,7 mlnTajlandia
43%
101 mlnDem. Rep. Konga
41%
45,7 mlnArgentyna
40%
45,3 mlnIrak
39%
38,7 mlnKanada
39%
34,3 mlnJemen
37%
48,3 mlnUganda
36%
67,0 mlnTanzania
32%
52,0 mlnKolumbia
30%
45,4 mlnAlgieria
28%
51,7 mlnKorea Południowa
28%
54,8 mlnKenia
27%
34,2 mlnPeru
24%
47,8 mlnSudan
24%
35,0 mlnUzbekistan
24%
30,1 mlnMadagaskar
23%
54,5 mlnMjanma
22%
42,0 mlnAfganistan
21%
34,0 mlnGhana
21%
36,8 mlnArabia Saudyjska
19%
36,4 mlnAngola
18%
34,2 mlnMalezja
16%
38,3 mlnMaroko
16%
60,3 mlnPołudniowa Afryka
14%
33,7 mlnMozambik
12%
30,8 mlnNepal
12%

Rozkład punktacji

Percentyl według liczby udzielonych odpowiedzi

Procent ludzi z każdym wynikiem

Twoja historia wyników

Nie rozwiązałeś tego quizu